Fisiopatología (Record no. 63728)

MARC details
000 -LEADER
campo de control de longitud fija 00540nam a2200169 i 4500
001 - NÚMERO DE CONTROL
campo de control 63728
003 - IDENTIFICADOR DE NÚMERO DE CONTROL
campo de control ES-MaACL
005 - FECHA Y HORA DE LA ÚLTIMA TRANSACCIÓN
campo de control 20230906164943.0
007 - CAMPO FIJO DE DESCRIPCIÓN FÍSICA--INFORMACIÓN GENERAL
campo de control de longitud fija t|
008 - DATOS DE LONGITUD FIJA--INFORMACIÓN GENERAL
campo de control de longitud fija 031216s1958 ag ||||1| spa d
100 1# - ENTRADA PRINCIPAL--NOMBRE DE PERSONA
Nombre de persona Fieschi, A.
9 (RLIN) 50723
245 10 - MENCIÓN DEL TÍTULO
Título Fisiopatología
Resto del título : (aplicada a la clínica) /
Mención de responsabilidad, etc. A. Fieschi ; traducción de José Enrique Mosquera.
260 ## - PUBLICACIÓN, DISTRIBUCIÓN, ETC.
Lugar de publicación, distribución, etc. Buenos Aires :
Nombre del editor, distribuidor, etc. Beta,
Fecha de publicación, distribución, etc. 1958 (
Fabricante Optimus)
300 ## - DESCRIPCIÓN FÍSICA
Extensión XIV, 667 p. :
Otras características físicas il. ;
Dimensiones 27 cm.
700 1# - ENTRADA AGREGADA--NOMBRE PERSONAL
Nombre de persona Mosquera, José Enrique.
9 (RLIN) 83780
852 ## - LOCALIZACIÓN
Ubicación ES-MaACL
Número de control de estantería C-16855
Sublocalización o colección R.45151
Holdings
Estatus retirado Estado de pérdida Estado de daño No para préstamo Biblioteca de origen Biblioteca actual Ubicación en estantería Fecha de adquisición Fuente de adquisición Total de préstamos Signatura topográfica completa Código de barras Visto por última vez Precio de reemplazo Tipo de ítem Koha
        Biblioteca del Ateneo de Madrid Biblioteca del Ateneo de Madrid Galería 17/01/2008     C-16855 1066789 23/02/2023 23/02/2023 Libro impreso